[Event "Norwegian Team Championship 2019"]
[Site "Drammen"]
[Date "2019.06.02"]
[Round "6.1"]
[White "Urkedal, Frode Olav Olsen"]
[Black "Agdestein, Simen"]
[Result "1-0"]
[WhiteElo "2525"]
[BlackElo "2569"]
[Annotator "TA"]
[PlyCount "101"]
[EventDate "2019.05.30"]
[EventType "swiss"]
[EventCountry "NOR"]
[SourceTitle "playchess.com"]
[Source "ChessBase"]
[SourceQuality "1"]

{[%evp 10,101,56,43,37,25,15,24,18,0,0,0,4,-11,-11,-17,-10,-32,-22,-60,-66,-66,-50,-50,-48,-45,-40,-49,-37,-39,-17,-20,-13,-10,-18,-75,-70,-80,-89,-82,60,62,61,69,175,176,176,170,174,170,176,63,58,51,106,29,23,21,101,88,462,445,439,389,279,131,135,139,95,0,0,0,18,0,0,0,34,31,89,0,0,0,50,0,131,130,281,263,29984,29985,29987,29988,29988,1134]} 1. d4 e6 2. e4 d5 3. Nc3 Bb4 4. e5 b6 5. Qg4 Bf8 6. Nf3 Ne7 {C16: French: 3 Nc3 Bb4 4 e5: Lines without ...c5} 7. h4 (7. Bg5 Nbc6 8. a3 Bb7 9. Bd3 Qd7 10. b4 h6 11. Bd2 O-O-O 12. Ne2 f5 13. exf6 gxf6 14. Nf4 {1-0 (43) Vidit,S (2711)-Cvek,R (2518) Czech Republic 2018}) 7... h5 $146 ({Predecessor:} 7... Qd7 8. h5 h6 9. Be3 Ba6 10. Nh4 Bxf1 11. Rxf1 Nbc6 12. O-O-O Rg8 13. f4 Nf5 14. Qh3 Nxe3 15. Qxe3 {1-0 (54) Chernov,M (2315)-Sitnikov,D (2409) Novokuznetsk 2016}) 8. Qf4 Ba6 {White has an edge.} 9. Nd1 (9. Ng5 {is interesting.} Nf5 10. Bxa6 Nxa6 11. Nd1 Be7 12. c3) 9... Bxf1 10. Kxf1 Qd7 11. Kg1 c5 12. c3 Nbc6 13. Rh3 Rc8 14. Ng5 Ng6 15. Qd2 Be7 16. Nf3 b5 {[%cal Bb6b5,Bb5b4][%mdl 32]} 17. Qe2 b4 18. Be3 cxd4 19. cxd4 Bd8 20. b3 Nce7 21. Nb2 Nf5 22. Nd3 (22. Na4 $11 {remains equal.}) 22... Qb5 $17 {[%cal Rg6h4]} (22... Ngxh4 $6 23. Nxh4 Bxh4 24. Nc5 $11) (22... Bxh4 $6 23. Nc5 $14) 23. Qd2 Rc3 (23... Bxh4 $6 24. Nxh4 Ngxh4 25. Rc1 $11) 24. Nc5 Ngxh4 (24... a5 $17) 25. Nxh4 $14 Bxh4 26. a3 $1 {[%cal Ra3b4]} Rxc5 ({Reject} 26... Nxe3 $6 27. fxe3 Be7 28. axb4 $16) (26... Rxe3 $14 27. fxe3 bxa3 28. Rxa3 O-O 29. Rxa7 Rb8) 27. dxc5 $18 bxa3 28. Rxa3 O-O 29. b4 $1 Qc4 30. Bg5 (30. Rxa7 $18 Rb8 31. Qe1) 30... Bxg5 $1 $14 31. Qxg5 h4 (31... Qxb4 $14 32. Qxh5 Qe1+ 33. Kh2 Qxe5+ 34. g3 Nh6) 32. g4 (32. Qd2 $16) 32... hxg3 $1 $11 33. Raxg3 Qe2 (33... Nxg3 34. Rxg3 g6 35. Rh3 $18) (33... Qxb4 $11 {keeps the balance.} 34. Qh5 Qe1+ 35. Kh2 (35. Kg2 f6 $16) 35... f6 36. exf6 Rxf6) 34. Rg4 $16 Qxe5 $2 {[%mdl 8192] [#]} (34... Qe1+ $16 35. Kg2 Qxe5) 35. Qh5 $1 $18 {[%csl Gh3][%cal Rh5h8][%mdl 512]} f6 {[#]} 36. Qg6 $1 Qc7 {[#]} 37. Qh7+ (37. Rg2 $1 $18 {[%cal Rg2h2] is the precise move to win. Rgh2 is the strong threat.} Qe5 38. Rh5 Qe1+ 39. Kh2 Qe5+ 40. Rg3 {[%mdl 64] Pin}) 37... Kf7 $16 38. Rhg3 {[%cal Rg4g7][%mdl 1024] Threatening mate with Rxg7+. White has strong compensation.} Rg8 39. Rf3 ({Better is} 39. Qh5+ $16 Kf8 40. Ra3) 39... Qe5 $11 40. Kg2 d4 {Threatening ...Qd5.} 41. Qh5+ Ke7 {aiming for ...Ne3+!} 42. Qh7 $36 {[%mdl 2048] Black is under pressure.} Kf7 {And now ...Qd5 would win.} 43. Ra3 Qc7 (43... Ra8 $14) 44. Qg6+ (44. Kg1 $16) 44... Kf8 $1 45. Qh5 Qd7 46. Qh3 e5 (46... g5 $11) 47. Qf3 $16 {Strongly threatening c6.} Ne7 $2 (47... g5 $16) 48. Ra6 $18 Nc8 $2 {[#]} (48... Kf7 $18 49. c6 Qc7 50. Qb3+ Kf8) 49. Rxf6+ $1 {[%mdl 576] Demolition. White mates.} gxf6 50. Qxf6+ {[%mdl 64] Double Attack} Qf7 51. Qd8+ {[%mdl 64] Double Attack. Accuracy: White = 50%, Black = 51%.} 1-0

[Event "Norwegian Team Championship 2019"]
[Site "Drammen"]
[Date "2019.06.02"]
[Round "6.2"]
[White "Hauge, Lars Oskar"]
[Black "Risting, Eivind Olav"]
[Result "1-0"]
[WhiteElo "2470"]
[BlackElo "2357"]
[Annotator "ChessBase"]
[PlyCount "67"]
[EventDate "2019.05.30"]
[EventType "swiss"]
[EventCountry "NOR"]
[SourceTitle "playchess.com"]
[Source "ChessBase"]
[SourceQuality "1"]
[TimeControl "40/5400:1800"]

1. f4 {[%emt 0:00:56]} d5 {[%emt 0:00:27]} 2. Nf3 {[%emt 0:00:05]} Nf6 {[%emt 0:01:34]} 3. g3 {[%emt 0:00:10]} c6 {[%emt 0:02:42]} 4. Bg2 {[%emt 0:00:23]} Qb6 {[%emt 0:00:06]} 5. e3 {[%emt 0:01:52]} g6 {[%emt 0:00:12]} 6. O-O {[%emt 0:02:45]} Bg7 {[%emt 0:00:19]} 7. Nc3 {[%emt 0:06:31]} O-O {[%emt 0:01:46]} 8. d3 {[%emt 0:02:18]} a5 {[%emt 0:09:05]} 9. Kh1 {[%emt 0:02:00]} a4 {[%emt 0:01:24]} 10. a3 {[%emt 0:00:18]} c5 {[%emt 0:22:09]} 11. e4 {[%emt 0:02:04]} d4 {[%emt 0:03:43]} 12. Ne2 {[%emt 0:00:10]} Nc6 {[%emt 0:00:23]} 13. h3 {[%emt 0:00:17]} Qd8 {[%emt 0:05:48]} 14. g4 {[%emt 0:00:52]} b5 {[%emt 0:02:06]} 15. f5 {[%emt 0:01:37]} Nd7 {[%emt 0:05:30]} 16. Qe1 {[%emt 0:02:45]} Ra6 {[%emt 0:02:44]} 17. Qg3 {[%emt 0:01:14]} c4 {[%emt 0:07:59]} 18. Bf4 {[%emt 0:00:28]} Bb7 {[%emt 0:01:15]} 19. h4 {[%emt 0:01:06]} cxd3 {[%emt 0:01:58]} 20. cxd3 {[%emt 0:00:08]} Nc5 {[%emt 0:00:23]} 21. Rad1 {[%emt 0:00:12]} e5 {[%emt 0:06:34]} 22. Bc1 {[%emt 0:01:24]} Nb3 {[%emt 0:01:07]} 23. g5 {[%emt 0:00:10]} Nxc1 {[%emt 0:00:37]} 24. Rxc1 {[%emt 0:00:04]} gxf5 {[%emt 0:00:14]} 25. exf5 {[%emt 0:00:41]} f6 {[%emt 0:01:26]} 26. Nd2 {[%emt 0:00:26]} Na5 {[%emt 0:00:08]} 27. Bxb7 {[%emt 0:01:03]} Nxb7 {[%emt 0:00:01]} 28. Ne4 {[%emt 0:00:07]} Kh8 {[%emt 0:00:38]} 29. Qg4 {[%emt 0:01:21]} Qe8 {[%emt 0:05:07]} 30. N2g3 {[%emt 0:02:54]} Nd6 {[%emt 0:00:02]} 31. Rc7 {[%emt 0:01:09]} Nxe4 {[%emt 0:00:56]} 32. Nxe4 {[%emt 0:00:06]} Rc6 {[%emt 0:00:12]} 33. Rxg7 {[%emt 0:00:24]} Kxg7 {[%emt 0:00:02]} 34. gxf6+ {[%emt 0:00:07]} 1-0

[Event "Norwegian Team Championship 2019"]
[Site "Drammen"]
[Date "2019.06.02"]
[Round "6.3"]
[White "Gandrud, Vegar Koi"]
[Black "Getz, Nicolai"]
[Result "1/2-1/2"]
[WhiteElo "2325"]
[BlackElo "2380"]
[Annotator "ChessBase"]
[PlyCount "110"]
[EventDate "2019.05.30"]
[EventType "swiss"]
[EventCountry "NOR"]
[SourceTitle "playchess.com"]
[Source "ChessBase"]
[SourceQuality "1"]
[TimeControl "40/5400:1800"]

1. d4 {[%emt 0:00:02]} Nf6 {[%emt 0:00:07]} 2. c4 {[%emt 0:00:06]} g6 {[%emt 0:00:13]} 3. Nc3 {[%emt 0:00:06]} Bg7 {[%emt 0:00:09]} 4. e4 {[%emt 0:00:13]} d6 {[%emt 0:00:17]} 5. Nf3 {[%emt 0:00:08]} O-O {[%emt 0:00:12]} 6. Be2 {[%emt 0:00:09]} e5 {[%emt 0:00:21]} 7. d5 {[%emt 0:00:14]} a5 {[%emt 0:00:55]} 8. Be3 {[%emt 0:00:08]} Ng4 {[%emt 0:05:24]} 9. Bg5 {[%emt 0:00:20]} f6 {[%emt 0:00:51]} 10. Bh4 {[%emt 0:00:11]} Qe8 {[%emt 0:02:50]} 11. Nd2 {[%emt 0:00:08]} f5 {[%emt 0:00:58]} 12. Bxg4 {[%emt 0:00:07]} fxg4 {[%emt 0:00:05]} 13. Bg5 {[%emt 0:00:05]} Na6 {[%emt 0:01:54]} 14. O-O {[%emt 0:02:31]} Bd7 {[%emt 0:00:26]} 15. b3 {[%emt 0:01:31]} Bf6 {[%emt 0:08:22]} 16. Be3 {[%emt 0:02:34]} Qe7 {[%emt 0:01:03]} 17. a3 {[%emt 0:01:05]} Bg5 {[%emt 0:01:02]} 18. Qe2 {[%emt 0:00:27]} Rfb8 {[%emt 0:19:33]} 19. Rfb1 {[%emt 0:14:46]} Bxe3 {[%emt 0:03:00]} 20. Qxe3 {[%emt 0:00:13]} b5 {[%emt 0:00:31]} 21. b4 {[%emt 0:02:50]} axb4 {[%emt 0:01:45]} 22. axb4 {[%emt 0:00:49]} bxc4 {[%emt 0:00:28]} 23. b5 {[%emt 0:05:44]} Nc5 {[%emt 0:00:19]} 24. Rxa8 {[%emt 0:00:09]} Rxa8 {[%emt 0:00:05]} 25. Nxc4 {[%emt 0:00:07]} Be8 {[%emt 0:07:22]} 26. g3 {[%emt 0:04:48]} Rb8 {[%emt 0:04:02]} 27. Na5 {[%emt 0:01:49]} Qf6 {[%emt 0:00:31]} 28. Kg2 {[%emt 0:10:27]} g5 {[%emt 0:02:08]} 29. Nc4 {[%emt 0:10:15]} Bg6 {[%emt 0:01:21]} 30. b6 {[%emt 0:03:37]} cxb6 {[%emt 0:00:58]} 31. Rxb6 {[%emt 0:00:06]} Rxb6 {[%emt 0:01:47]} 32. Nxb6 {[%emt 0:00:02]} Kg7 {[%emt 0:03:38]} 33. Nc4 {[%emt 0:03:06]} h6 {[%emt 0:01:35]} 34. f3 {[%emt 0:01:54]} gxf3+ {[%emt 0:04:53]} 35. Qxf3 {[%emt 0:00:11]} Qe7 {[%emt 0:00:48]} 36. g4 {[%emt 0:05:54]} Nb3 {[%emt 0:03:15]} 37. Nb5 {[%emt 0:01:27]} Nd4 {[%emt 0:00:23]} 38. Nxd4 {[%emt 0:00:59]} exd4 {[%emt 0:00:05]} 39. Nd2 {[%emt 0:04:28]} Qc7 {[%emt 0:00:30]} 40. Kf2 {[%emt 0:02:41]} Qc3 {[%emt 0:00:41]} 41. Ke2 {[%emt 0:32:58]} Be8 {[%emt 0:10:03]} 42. Qxc3 {[%emt 0:00:00]} dxc3 {[%emt 0:00:04]} 43. Nb3 {[%emt 0:00:00]} Kf6 {[%emt 0:03:49]} 44. Nd4 {[%emt 0:00:00]} Ke5 {[%emt 0:02:06]} 45. Ke3 {[%emt 0:00:00]} Ba4 {[%emt 0:01:26]} 46. Nc6+ {[%emt 0:00:00]} Kf6 {[%emt 0:00:13]} 47. Kd3 {[%emt 0:00:00]} Bd1 {[%emt 0:05:02]} 48. Kxc3 {[%emt 0:00:00]} Bxg4 {[%emt 0:00:05]} 49. Kd4 {[%emt 0:00:00]} Bc8 {[%emt 0:01:17]} 50. e5+ {[%emt 0:00:00]} dxe5+ {[%emt 0:00:08]} 51. Nxe5 {[%emt 0:00:00]} h5 {[%emt 0:00:45]} 52. d6 {[%emt 0:00:00]} Ke6 {[%emt 0:01:35]} 53. d7 {[%emt 0:00:00]} Bxd7 {[%emt 0:00:05]} 54. Nxd7 {[%emt 0:00:00]} Kxd7 {[%emt 0:00:02]} 55. Ke5 {[%emt 0:00:00]} Ke7 {[%emt 0:00:23]} 1/2-1/2

[Event "Norwegian Team Championship 2019"]
[Site "Drammen"]
[Date "2019.06.02"]
[Round "6.4"]
[White "Galinsky, Timofey"]
[Black "Storme, Isak"]
[Result "0-1"]
[WhiteElo "2382"]
[BlackElo "2309"]
[Annotator "ChessBase"]
[PlyCount "82"]
[EventDate "2019.05.30"]
[EventType "swiss"]
[EventCountry "NOR"]
[SourceTitle "playchess.com"]
[Source "ChessBase"]
[SourceQuality "1"]
[TimeControl "40/5400:1800"]

1. Nf3 {[%emt 0:00:07]} d5 {[%emt 0:00:08]} 2. d3 {[%emt 0:00:24]} Nf6 {[%emt 0:00:17]} 3. Nbd2 {[%emt 0:00:21]} c5 {[%emt 0:01:01]} 4. g3 {[%emt 0:01:43]} Nc6 {[%emt 0:06:25]} 5. Bg2 {[%emt 0:00:24]} g6 {[%emt 0:01:29]} 6. O-O {[%emt 0:01:40]} Bg7 {[%emt 0:00:10]} 7. c4 {[%emt 0:02:12]} d4 {[%emt 0:01:21]} 8. Nb3 {[%emt 0:07:34]} Nd7 {[%emt 0:06:37]} 9. e3 {[%emt 0:01:02]} O-O {[%emt 0:00:39]} 10. Re1 {[%emt 0:07:01]} e5 {[%emt 0:04:13]} 11. exd4 {[%emt 0:00:23]} cxd4 {[%emt 0:00:38]} 12. Bd2 {[%emt 0:03:58]} a5 {[%emt 0:04:05]} 13. a4 {[%emt 0:01:29]} Rb8 {[%emt 0:05:09]} 14. Ng5 {[%emt 0:01:26]} h6 {[%emt 0:18:08]} 15. Ne4 {[%emt 0:02:12]} Qc7 {[%emt 0:05:44]} 16. f4 {[%emt 0:02:53]} b6 {[%emt 0:01:40]} 17. Rc1 {[%emt 0:01:56]} f5 {[%emt 0:01:56]} 18. Nf2 {[%emt 0:00:05]} Nc5 {[%emt 0:01:05]} 19. fxe5 {[%emt 0:10:16]} Nxe5 {[%emt 0:00:51]} 20. Bf4 {[%emt 0:00:29]} g5 {[%emt 0:04:13]} 21. Bxe5 {[%emt 0:01:46]} Bxe5 {[%emt 0:00:06]} 22. Nxc5 {[%emt 0:00:04]} bxc5 {[%emt 0:00:43]} 23. Qh5 {[%emt 0:02:50]} Kg7 {[%emt 0:01:10]} 24. Rc2 {[%emt 0:00:32]} f4 {[%emt 0:04:43]} 25. Rce2 {[%emt 0:02:08]} fxg3 {[%emt 0:00:21]} 26. hxg3 {[%emt 0:00:04]} Rxf2 {[%emt 0:02:09]} 27. Rxf2 {[%emt 0:00:10]} Bxg3 {[%emt 0:00:16]} 28. Rf6 {[%emt 0:00:04]} Kxf6 {[%emt 0:05:42]} 29. Qxh6+ {[%emt 0:00:13]} Kf5 {[%emt 0:00:08]} 30. Qf8+ {[%emt 0:09:35]} Kg6 {[%emt 0:02:12]} 31. Be4+ {[%emt 0:02:12]} Kh5 {[%emt 0:00:04]} 32. Qe8+ {[%emt 0:02:29]} Kh4 {[%emt 0:01:06]} 33. Qh8+ {[%emt 0:03:35]} Kg4 {[%emt 0:00:01]} 34. Rf1 {[%emt 0:14:23]} Bh4 {[%emt 0:00:12]} 35. Bf3+ {[%emt 0:00:59]} Kg3 {[%emt 0:00:26]} 36. Qh5 {[%emt 0:00:51]} Qf4 {[%emt 0:01:31]} 37. Bg2 {[%emt 0:00:07]} Bg4 {[%emt 0:00:55]} 38. Qg6 {[%emt 0:00:01]} Rxb2 {[%emt 0:01:04]} 39. Rxf4 {[%emt 0:00:12]} Rxg2+ {[%emt 0:00:02]} 40. Kf1 {[%emt 0:00:08]} Be2+ {[%emt 0:00:25]} 41. Ke1 {[%emt 0:00:06]} Kxf4+ {[%emt 0:00:09]} 0-1

[Event "Norwegian Team Championship 2019"]
[Site "Drammen"]
[Date "2019.06.02"]
[Round "6.5"]
[White "Haldorsen, Benjamin"]
[Black "Abdrlauf, Elham"]
[Result "1/2-1/2"]
[WhiteElo "2437"]
[BlackElo "2231"]
[Annotator "ChessBase"]
[PlyCount "66"]
[EventDate "2019.05.30"]
[EventType "swiss"]
[EventCountry "NOR"]
[SourceTitle "playchess.com"]
[Source "ChessBase"]
[SourceQuality "1"]
[TimeControl "40/5400:1800"]

1. e4 {[%emt 0:01:00]} e6 {[%emt 0:00:06]} 2. d4 {[%emt 0:01:24]} d5 {[%emt 0:00:09]} 3. Nc3 {[%emt 0:00:04]} Nf6 {[%emt 0:00:04]} 4. Bg5 {[%emt 0:00:06]} dxe4 {[%emt 0:00:06]} 5. Nxe4 {[%emt 0:00:05]} Nbd7 {[%emt 0:00:09]} 6. Nf3 {[%emt 0:00:51]} Be7 {[%emt 0:01:24]} 7. Nxf6+ {[%emt 0:01:28]} Nxf6 {[%emt 0:03:02]} 8. Bd3 {[%emt 0:01:12]} O-O {[%emt 0:00:48]} 9. Qe2 {[%emt 0:01:47]} c5 {[%emt 0:03:33]} 10. O-O-O {[%emt 0:07:11]} cxd4 {[%emt 0:02:18]} 11. Kb1 {[%emt 0:00:15]} Nd5 {[%emt 0:10:41]} 12. Bxe7 {[%emt 0:06:10]} Qxe7 {[%emt 0:00:16]} 13. Nxd4 {[%emt 0:01:31]} Re8 {[%emt 0:28:27]} 14. Nf3 {[%emt 0:17:19]} Nf4 {[%emt 0:05:11]} 15. Qe4 {[%emt 0:00:26]} Nxd3 {[%emt 0:00:24]} 16. Rxd3 {[%emt 0:00:03]} f6 {[%emt 0:02:34]} 17. Nh4 {[%emt 0:08:43]} e5 {[%emt 0:02:03]} 18. Nf5 {[%emt 0:07:11]} Bxf5 {[%emt 0:01:01]} 19. Qxf5 {[%emt 0:00:01]} Rad8 {[%emt 0:02:07]} 20. Rhd1 {[%emt 0:01:37]} Rxd3 {[%emt 0:03:11]} 21. Qxd3 {[%emt 0:01:14]} g6 {[%emt 0:01:41]} 22. b3 {[%emt 0:00:40]} b6 {[%emt 0:01:59]} 23. a4 {[%emt 0:00:05]} f5 {[%emt 0:00:20]} 24. Qb5 {[%emt 0:02:45]} Qe6 {[%emt 0:00:59]} 25. Rd7 {[%emt 0:06:21]} Re7 {[%emt 0:00:14]} 26. Rd8+ {[%emt 0:00:06]} Kg7 {[%emt 0:00:09]} 27. Qd3 {[%emt 0:00:25]} e4 {[%emt 0:02:42]} 28. Qd4+ {[%emt 0:00:11]} Kh6 {[%emt 0:00:01]} 29. Qe3+ {[%emt 0:06:18]} Kg7 {[%emt 0:00:18]} 30. Qd4+ {[%emt 0:01:33]} Kh6 {[%emt 0:00:13]} 31. Qe3+ {[%emt 0:05:05]} Kg7 {[%emt 0:00:24]} 32. Qc3+ {[%emt 0:02:20]} Kh6 {[%emt 0:00:21]} 33. Qe3+ {[%emt 0:00:47]} Kg7 {[%emt 0:01:29]} 1/2-1/2

[Event "Norwegian Team Championship 2019"]
[Site "Drammen"]
[Date "2019.06.02"]
[Round "6.6"]
[White "Melaa, Sondre"]
[Black "Stokke, Kjetil"]
[Result "1/2-1/2"]
[WhiteElo "2038"]
[BlackElo "2343"]
[Annotator "ChessBase"]
[PlyCount "44"]
[EventDate "2019.05.30"]
[EventType "swiss"]
[EventCountry "NOR"]
[SourceTitle "playchess.com"]
[Source "ChessBase"]
[SourceQuality "1"]
[TimeControl "40/5400:1800"]

1. d4 {[%emt 0:00:16]} g6 {[%emt 0:01:03]} 2. e4 {[%emt 0:01:36]} Bg7 {[%emt 0:00:11]} 3. Nf3 {[%emt 0:00:18]} d6 {[%emt 0:01:04]} 4. Bc4 {[%emt 0:00:09]} Nf6 {[%emt 0:00:08]} 5. Qe2 {[%emt 0:00:07]} O-O {[%emt 0:00:05]} 6. O-O {[%emt 0:02:08]} Nfd7 {[%emt 0:05:07]} 7. Rd1 {[%emt 0:07:48]} Nc6 {[%emt 0:03:41]} 8. Be3 {[%emt 0:10:50]} Nb6 {[%emt 0:00:49]} 9. Bb3 {[%emt 0:01:41]} Na5 {[%emt 0:01:34]} 10. Nbd2 {[%emt 0:03:28]} Qe8 {[%emt 0:03:52]} 11. c3 {[%emt 0:02:05]} Nxb3 {[%emt 0:01:52]} 12. axb3 {[%emt 0:00:23]} a6 {[%emt 0:04:15]} 13. Nf1 {[%emt 0:06:36]} e6 {[%emt 0:06:24]} 14. Qd2 {[%emt 0:07:45]} Qb5 {[%emt 0:03:24]} 15. Qc2 {[%emt 0:01:35]} f5 {[%emt 0:05:02]} 16. c4 {[%emt 0:02:46]} Qe8 {[%emt 0:00:25]} 17. exf5 {[%emt 0:01:54]} gxf5 {[%emt 0:00:32]} 18. Qd2 {[%emt 0:03:47]} Qg6 {[%emt 0:01:35]} 19. Re1 {[%emt 0:01:31]} Nd7 {[%emt 0:02:22]} 20. Bf4 {[%emt 0:01:51]} Nf6 {[%emt 0:02:03]} 21. Ng3 {[%emt 0:03:00]} b6 {[%emt 0:09:43]} 22. Ng5 {[%emt 0:10:26]} Re8 {[%emt 0:02:35]} 1/2-1/2

[Event "Norwegian Team Championship 2019"]
[Site "Drammen"]
[Date "2019.06.02"]
[Round "6.7"]
[White "Gullaksen, Eirik"]
[Black "Tunsjo, Axel"]
[Result "1/2-1/2"]
[WhiteElo "2327"]
[BlackElo "2002"]
[Annotator "ChessBase"]
[PlyCount "52"]
[EventDate "2019.05.30"]
[EventType "swiss"]
[EventCountry "NOR"]
[SourceTitle "playchess.com"]
[Source "ChessBase"]
[SourceQuality "1"]
[TimeControl "40/5400:1800"]

1. e4 {[%emt 0:00:06]} c5 {[%emt 0:01:01]} 2. Nf3 {[%emt 0:00:20]} e6 {[%emt 0:01:09]} 3. b3 {[%emt 0:00:28]} d6 {[%emt 0:03:31]} 4. Bb2 {[%emt 0:00:51]} Nf6 {[%emt 0:00:26]} 5. e5 {[%emt 0:00:57]} dxe5 {[%emt 0:00:08]} 6. Nxe5 {[%emt 0:00:08]} Bd6 {[%emt 0:01:01]} 7. f4 {[%emt 0:02:47]} O-O {[%emt 0:00:55]} 8. Bd3 {[%emt 0:02:03]} b6 {[%emt 0:01:21]} 9. Qf3 {[%emt 0:02:56]} Qc7 {[%emt 0:13:38]} 10. Na3 {[%emt 0:01:30]} Bb7 {[%emt 0:00:34]} 11. Qg3 {[%emt 0:00:12]} Be7 {[%emt 0:08:33]} 12. O-O {[%emt 0:05:10]} Ne4 {[%emt 0:12:37]} 13. Bxe4 {[%emt 0:00:48]} Bxe4 {[%emt 0:00:49]} 14. Nd7 {[%emt 0:03:22]} Bg6 {[%emt 0:00:10]} 15. Nxf8 {[%emt 0:00:08]} Bxf8 {[%emt 0:00:05]} 16. d3 {[%emt 0:00:57]} Nc6 {[%emt 0:00:31]} 17. Nc4 {[%emt 0:00:08]} Rd8 {[%emt 0:00:59]} 18. Ne5 {[%emt 0:01:04]} Nd4 {[%emt 0:00:39]} 19. Qf2 {[%emt 0:02:49]} Rd5 {[%emt 0:09:21]} 20. Rad1 {[%emt 0:03:30]} Bd6 {[%emt 0:03:08]} 21. Nxg6 {[%emt 0:03:59]} hxg6 {[%emt 0:00:51]} 22. c3 {[%emt 0:03:01]} Bxf4 {[%emt 0:05:15]} 23. g3 {[%emt 0:10:50]} Rg5 {[%emt 0:00:21]} 24. cxd4 {[%emt 0:01:44]} Bxg3 {[%emt 0:00:09]} 25. hxg3 {[%emt 0:11:33]} Rxg3+ {[%emt 0:00:05]} 26. Kh1 {[%emt 0:00:10]} Rh3+ {[%emt 0:00:10]} 1/2-1/2

[Event "Norwegian Team Championship 2019"]
[Site "Drammen"]
[Date "2019.06.02"]
[Round "6.8"]
[White "Sidali, Elias Hulleberg"]
[Black "Gabrielsen, Stig"]
[Result "0-1"]
[WhiteElo "1953"]
[BlackElo "2279"]
[Annotator "ChessBase"]
[PlyCount "64"]
[EventDate "2019.05.30"]
[EventType "swiss"]
[EventCountry "NOR"]
[SourceTitle "playchess.com"]
[Source "ChessBase"]
[SourceQuality "1"]
[TimeControl "40/5400:1800"]

1. e4 {[%emt 0:00:02]} c5 {[%emt 0:00:39]} 2. Nf3 {[%emt 0:00:01]} e6 {[%emt 0:00:08]} 3. Qe2 {[%emt 0:00:32]} Nc6 {[%emt 0:00:19]} 4. g3 {[%emt 0:00:05]} Nf6 {[%emt 0:03:54]} 5. Bg2 {[%emt 0:00:17]} Be7 {[%emt 0:00:07]} 6. O-O {[%emt 0:00:06]} O-O {[%emt 0:00:04]} 7. d3 {[%emt 0:00:06]} d6 {[%emt 0:05:59]} 8. c3 {[%emt 0:03:08]} Bd7 {[%emt 0:08:08]} 9. a3 {[%emt 0:00:35]} Rc8 {[%emt 0:04:27]} 10. b4 {[%emt 0:00:32]} a6 {[%emt 0:00:36]} 11. h3 {[%emt 0:05:29]} Ne5 {[%emt 0:08:09]} 12. Be3 {[%emt 0:12:15]} Nxf3+ {[%emt 0:01:46]} 13. Bxf3 {[%emt 0:00:33]} Bc6 {[%emt 0:03:16]} 14. Nd2 {[%emt 0:04:59]} b5 {[%emt 0:06:56]} 15. Nb3 {[%emt 0:04:36]} Ba8 {[%emt 0:06:48]} 16. Bd2 {[%emt 0:04:32]} c4 {[%emt 0:02:18]} 17. Na5 {[%emt 0:01:08]} cxd3 {[%emt 0:00:51]} 18. Qxd3 {[%emt 0:02:05]} Nd7 {[%emt 0:00:38]} 19. Bf4 {[%emt 0:00:53]} g5 {[%emt 0:00:28]} 20. Bd2 {[%emt 0:05:12]} Ne5 {[%emt 0:00:19]} 21. Qe2 {[%emt 0:00:06]} Nxf3+ {[%emt 0:00:59]} 22. Qxf3 {[%emt 0:00:02]} f5 {[%emt 0:00:17]} 23. Qh5 {[%emt 0:03:01]} Bxe4 {[%emt 0:00:50]} 24. Qh6 {[%emt 0:01:11]} Bf6 {[%emt 0:01:13]} 25. Rad1 {[%emt 0:02:45]} Rc7 {[%emt 0:03:08]} 26. Bxg5 {[%emt 0:02:38]} Bxg5 {[%emt 0:00:26]} 27. Qxe6+ {[%emt 0:00:03]} Kh8 {[%emt 0:02:40]} 28. Rxd6 {[%emt 0:01:54]} Qe7 {[%emt 0:01:42]} 29. Qxe7 {[%emt 0:04:15]} Bxe7 {[%emt 0:00:11]} 30. Rxa6 {[%emt 0:00:10]} Rxc3 {[%emt 0:00:12]} 31. Ra7 {[%emt 0:01:26]} Bf6 {[%emt 0:01:13]} 32. Nb7 {[%emt 0:00:36]} Rc7 {[%emt 0:00:26]} 0-1

[Event "Norwegian Team Championship 2019"]
[Site "Drammen"]
[Date "2019.06.02"]
[Round "6.9"]
[White "Elsness, Frode"]
[Black "Ramirez Garrastacho, Manuel"]
[Result "1-0"]
[WhiteElo "2440"]
[BlackElo "2120"]
[Annotator "ChessBase"]
[PlyCount "36"]
[EventDate "2019.05.30"]
[EventType "swiss"]
[EventCountry "NOR"]
[SourceTitle "playchess.com"]
[Source "ChessBase"]
[SourceQuality "1"]
[TimeControl "40/5400:1800"]

1. Nf3 {[%emt 0:00:03]} Nf6 {[%emt 0:00:14]} 2. d4 {[%emt 0:00:27]} g6 {[%emt 0:00:08]} 3. c4 {[%emt 0:01:15]} Bg7 {[%emt 0:00:06]} 4. Nc3 {[%emt 0:00:19]} O-O {[%emt 0:00:07]} 5. e4 {[%emt 0:00:10]} d6 {[%emt 0:00:04]} 6. h3 {[%emt 0:02:50]} e5 {[%emt 0:01:57]} 7. d5 {[%emt 0:00:02]} Nbd7 {[%emt 0:00:42]} 8. Be3 {[%emt 0:00:33]} Nh5 {[%emt 0:06:36]} 9. g3 {[%emt 0:00:42]} a6 {[%emt 0:03:24]} 10. Be2 {[%emt 0:01:58]} Bf6 {[%emt 0:23:00]} 11. Qd2 {[%emt 0:08:14]} Be7 {[%emt 0:00:43]} 12. h4 {[%emt 0:04:55]} f5 {[%emt 0:03:16]} 13. Bh6 {[%emt 0:06:10]} Ng7 {[%emt 0:00:08]} 14. h5 {[%emt 0:02:15]} gxh5 {[%emt 0:13:12]} 15. exf5 {[%emt 0:02:14]} Nf6 {[%emt 0:01:46]} 16. Nh4 {[%emt 0:06:18]} Rf7 {[%emt 0:04:01]} 17. Qc2 {[%emt 0:14:50]} Ng4 {[%emt 0:04:38]} 18. Bxg7 {[%emt 0:00:31]} Kxg7 {[%emt 0:13:34]} 1-0

[Event "Norwegian Team Championship 2019"]
[Site "Drammen"]
[Date "2019.06.02"]
[Round "6.11"]
[White "Mihajlov, Svetoslav"]
[Black "Grover, Sigurd Loe"]
[Result "1/2-1/2"]
[WhiteElo "2161"]
[BlackElo "2028"]
[Annotator "ChessBase"]
[PlyCount "27"]
[EventDate "2019.05.30"]
[EventType "swiss"]
[EventCountry "NOR"]
[SourceTitle "playchess.com"]
[Source "ChessBase"]
[SourceQuality "1"]
[TimeControl "40/5400:1800"]

1. d4 {[%emt 0:00:00]} d5 {[%emt 0:01:11]} 2. Nf3 {[%emt 0:00:06]} c5 {[%emt 0:00:52]} 3. dxc5 {[%emt 0:00:46]} Nf6 {[%emt 0:00:45]} 4. c4 {[%emt 0:03:12]} e6 {[%emt 0:00:07]} 5. cxd5 {[%emt 0:01:25]} Bxc5 {[%emt 0:02:37]} 6. Nc3 {[%emt 0:00:18]} exd5 {[%emt 0:00:14]} 7. a3 {[%emt 0:05:58]} Nc6 {[%emt 0:08:43]} 8. e3 {[%emt 0:03:39]} O-O {[%emt 0:02:36]} 9. Be2 {[%emt 0:01:28]} a6 {[%emt 0:03:04]} 10. O-O {[%emt 0:01:02]} Ba7 {[%emt 0:04:04]} 11. b4 {[%emt 0:00:52]} d4 {[%emt 0:00:31]} 12. Nxd4 {[%emt 0:00:12]} Nxd4 {[%emt 0:00:16]} 13. exd4 {[%emt 0:00:06]} Qxd4 {[%emt 0:03:58]} 14. Qxd4 {[%emt 0:00:28]} 1/2-1/2